000
00316nam a2200121Ia 4500
008
240624s9999 xx 000 0 und d
041
_a
eng
082
_a
658.4093 SHA
100
_a
SHARBUNO JEANNE
245
_a
52 WAYS TO LIVE SUCCECC
260
_c
2005
_a
Mumbai
_b
Jaico Publishing House
300
_a
168 : p. : cm. ; 18
999
_c
2632
_d
2632